| 000 | 00625nam a22002057a 4500 | ||
|---|---|---|---|
| 003 | 0 | ||
| 005 | 20240923095739.0 | ||
| 008 | 240923b xxu||||| |||| 00| 0 eng d | ||
| 020 | _a978-81-19920-89-1 | ||
| 050 |
_aQ 181 _b.T46 2024 |
||
| 100 | _aThomas, Blake | ||
| 245 |
_aArt of teaching science _cThomas, Blake |
||
| 260 |
_aNew Delhi India _bVenus books _cC2024 |
||
| 300 |
_aix, 320p.: _c24cm. |
||
| 500 | _aScience--study & teaching. | ||
| 500 | _aScience--study & teaching (elementary). | ||
| 500 | _aActivity programs in education. | ||
| 650 | _aIncludes bibliographical references and index. | ||
| 942 |
_2lcc _cBK |
||
| 999 |
_c366322 _d366322 |
||